000 00389 a2200157 4500
001 61140
020 _a9783190115860
040 _cAnchieta - Pituba
100 _aButzkamm, Wolfgang
240 1 0 _aUnterrichtssprache deutsch
_lpor
245 1 0 _aUnterrichtssprache deutsch
300 _a126
362 0 _a2007
650 4 _aLínguas germânicas (teutônicas) língua alemã
942 _cBK
999 _c61140
_d61140